[Event "IND-ch Blitz"]
[Site "Nashik"]
[Date "2024.03.07"]
[Round "2"]
[White "Chitre, Arush"]
[Black "Raahul, VS."]
[Result "1-0"]
[WhiteElo "1998"]
[BlackElo "2368"]
[PlyCount "155"]
[EventDate "2024.03.07"]
[EventType "swiss (blitz)"]
[EventRounds "11"]
[EventCountry "IND"]
[SourceTitle "CB11_2024"]
[SourceDate "2024.03.13"]
[SourceVersion "1"]
[SourceVersionDate "2024.03.13"]
[SourceQuality "1"]

1. d4 d5 2. Nf3 Nf6 3. Bf4 c5 4. e3 Nc6 5. c3 Qb6 6. Qc2 g6 7. Nbd2 Bf5 8. dxc5 Qxc5 9. Qb3 Qb6 10. Qxb6 axb6 11. Bb5 Bg7 12. Nd4 Bd7 13. 0-0 0-0 14. N2f3 Rfc8 15. Rfd1 Ne4 16. Bg3 Nc5 17. Nc2 Bf5 18. Nfd4 e6 19. Nxf5 gxf5 20. a3 Nb3 21. Rab1 Nca5 22. Na1 Nxa1 23. Rxa1 Nc4 24. Bxc4 Rxc4 25. Kf1 Kf8 26. Ke2 Ke7 27. Kd2 b5 28. Rac1 Bf6 29. Ke2 Rg8 30. Rg1 h5 31. f4 Kd6 32. Bf2 h4 33. g3 h3 34. Rgd1 Ra8 35. Rd2 Rac8 36. Kf3 R4c7 37. Rcd1 Rg8 38. Rb1 Kc6 39. Rbd1 Be7 40. Rb1 Bc5 41. Rbd1 Rcc8 42. Ra1 Ra8 43. Rad1 Ra4 44. Rd3 Re4 45. R3d2 Bb6 46. Rd3 Kc5 47. Rd4 Kc6 48. R4d3 Bc5 49. R3d2 Kb6 50. Rd3 Ka6 51. R3d2 Bb6 52. Rd3 Ka5 53. R3d2 Ka4 54. Rd3 Rc4 55. R1d2 Kb3 56. Re2 f6 57. Red2 Rd8 58. g4 fxg4+ 59. Kxg4 Rg8+ 60. Kxh3 Rc7 61. Bg3 Rh7+ 62. Kg2 Kc4 63. Kf3 Rf8 64. e4 dxe4+ 65. Kxe4 f5+ 66. Kf3 Rhf7 67. Rd6 e5 68. Rxb6 e4+ 69. Ke3 Kc5 70. Rbd6 Ra8 71. R6d5+ Kc6 72. R5d4 Rh8 73. c4 Rg7 74. cxb5+ Kb6 75. Rd6+ Ka7 76. b6+ Ka6 77. R6d5 Rh5 78. R2d4 1-0

[Event "Titled Tuesday intern op 19th Dec Early"]
[Site "Chess.com INT"]
[Date "2023.12.19"]
[Round "10"]
[White "Azali, Tannaz"]
[Black "Chitre, Arush"]
[Result "1-0"]
[WhiteElo "2099"]
[BlackElo "2258"]
[PlyCount "155"]
[EventDate "2023.12.19"]
[EventType "swiss (blitz)"]
[EventRounds "11"]
[EventCountry "USA"]
[SourceTitle "CB52_2023"]
[SourceDate "2023.12.27"]
[SourceVersion "1"]
[SourceVersionDate "2023.12.27"]
[SourceQuality "1"]

1. e4 e5 2. Nc3 Nc6 3. Bc4 Nf6 4. d3 Na5 5. Nge2 c6 6. 0-0 d6 7. h3 Qc7 8. Be3 Be7 9. Bb3 Nxb3 10. axb3 a6 11. f4 h6 12. Ng3 0-0 13. fxe5 dxe5 14. Nf5 Bxf5 15. Rxf5 Kh7 16. Qf3 Rae8 17. Rf1 Bd8 18. Ne2 c5 19. g4 Re6 20. Qg3 Ng8 21. Nc3 b6 22. Nd5 Qd7 23. Rxe5 Bc7 24. Nxc7 Qxc7 25. Bf4 Qd7 26. Rd5 Qc6 27. Rd6 Qc8 28. Rxe6 Qxe6 29. Be5 Re8 30. Bc3 b5 31. b4 c4 32. Qf4 cxd3 33. cxd3 f6 34. Re1 Ne7 35. d4 Qc6 36. d5 Qd7 37. Kg2 Nc8 38. Qf5+ Qxf5 39. gxf5 Nd6 40. Kf3 Kg8 41. Kf4 Kf7 42. e5 fxe5+ 43. Rxe5 Rxe5 44. Bxe5 Nc4 45. d6 Nb6 46. Ke4 g6 47. fxg6+ Kxg6 48. Bd4 Nd7 49. Kd5 Kf5 50. Kc6 Ke6 51. Bc5 Ne5+ 52. Kb6 Nc4+ 53. Kxa6 Nxb2 54. Kxb5 Kd7 55. Be3 h5 56. Bf4 Nd3 57. Bg3 Nb2 58. Kc5 Na4+ 59. Kd5 Nc3+ 60. Kc4 Ne4 61. Be5 Ng5 62. h4 Nf3 63. Bg3 Nd2+ 64. Kd3 Nb1 65. b5 Na3 66. b6 Kc6 67. d7 Kxd7 68. b7 Nb5 69. b8Q Ke6 70. Qe5+ Kf7 71. Qxb5 Kg6 72. Qg5+ Kh7 73. Qxh5+ Kg7 74. Qg5+ Kh7 75. Ke4 Kh8 76. Kf5 Kh7 77. Kf6 Kh8 78. Qg7# 1-0

[Event "Titled Tuesday intern op 19th Dec Early"]
[Site "Chess.com INT"]
[Date "2023.12.19"]
[Round "8"]
[White "Chitre, Arush"]
[Black "Shimanov, Aleksandr"]
[Result "0-1"]
[WhiteElo "2258"]
[BlackElo "2578"]
[PlyCount "88"]
[EventDate "2023.12.19"]
[EventType "swiss (blitz)"]
[EventRounds "11"]
[EventCountry "USA"]
[SourceTitle "CB52_2023"]
[SourceDate "2023.12.27"]
[SourceVersion "1"]
[SourceVersionDate "2023.12.27"]
[SourceQuality "1"]

1. d4 Nf6 2. Bf4 c5 3. e3 Qb6 4. Na3 Nd5 5. Nc4 Qd8 6. Bg3 cxd4 7. exd4 d6 8. c3 Nc6 9. Nf3 g6 10. Bd3 Bg7 11. 0-0 0-0 12. Re1 Rb8 13. Ne3 Nf6 14. Qe2 Nh5 15. Rad1 Nxg3 16. hxg3 Bd7 17. Nd5 e6 18. Ne3 Ne7 19. Bc4 b5 20. Bb3 a5 21. d5 e5 22. Bc2 h6 23. c4 f5 24. b3 Qb6 25. Nf1 bxc4 26. bxc4 e4 27. N3h2 h5 28. Rb1 Qc5 29. Ne3 Bd4 30. Nhf1 Kg7 31. Rxb8 Rxb8 32. Rb1 Rxb1 33. Bxb1 Qb4 34. Qd1 Bc5 35. Bc2 Qc3 36. Ba4 Bc8 37. Bb5 h4 38. gxh4 f4 39. Ng4 e3 40. Ngh2 exf2+ 41. Kh1 Nf5 42. h5 Qe1 43. g4 Ng3+ 44. Kg2 Qxd1 0-1

[Event "Titled Tuesday intern op 19th Dec Early"]
[Site "Chess.com INT"]
[Date "2023.12.19"]
[Round "4"]
[White "Lopusiewicz, Piotr"]
[Black "Chitre, Arush"]
[Result "1/2-1/2"]
[WhiteElo "2301"]
[BlackElo "2258"]
[PlyCount "85"]
[EventDate "2023.12.19"]
[EventType "swiss (blitz)"]
[EventRounds "11"]
[EventCountry "USA"]
[SourceTitle "CB52_2023"]
[SourceDate "2023.12.27"]
[SourceVersion "1"]
[SourceVersionDate "2023.12.27"]
[SourceQuality "1"]

1. d4 Nf6 2. c4 e6 3. Nf3 Bb4+ 4. Bd2 Qe7 5. g3 Nc6 6. Bg2 Bxd2+ 7. Qxd2 Ne4 8. Qc2 Qb4+ 9. Kf1 d5 10. e3 Qxc4+ 11. Qxc4 dxc4 12. Nfd2 Nd6 13. Na3 Na5 14. Rc1 0-0 15. Naxc4 Naxc4 16. Nxc4 Nxc4 17. Rxc4 c6 18. Ke2 Bd7 19. a4 Rfd8 20. Rhc1 Rab8 21. Rc5 Be8 22. h4 Kf8 23. f4 Ke7 24. g4 Kd6 25. g5 f6 26. Bf3 Ke7 27. R5c3 Bf7 28. a5 a6 29. b4 Kf8 30. Rc5 Ke7 31. Rg1 Rg8 32. h5 h6 33. e4 Rgd8 34. Ke3 Rd7 35. g6 Bg8 36. Rd1 Rbd8 37. e5 f5 38. Bg2 Kf8 39. Rd2 Ke7 40. Rd1 Ke8 41. Rd2 Kf8 42. Rd1 Ke7 43. Rd2 1/2-1/2

[Event "Titled Tuesday intern op 19th Dec Early"]
[Site "Chess.com INT"]
[Date "2023.12.19"]
[Round "2"]
[White "Rose, Felix"]
[Black "Chitre, Arush"]
[Result "0-1"]
[WhiteElo "2091"]
[BlackElo "2258"]
[PlyCount "96"]
[EventDate "2023.12.19"]
[EventType "swiss (blitz)"]
[EventRounds "11"]
[EventCountry "USA"]
[SourceTitle "CB52_2023"]
[SourceDate "2023.12.27"]
[SourceVersion "1"]
[SourceVersionDate "2023.12.27"]
[SourceQuality "1"]

1. e4 c6 2. d4 d5 3. e5 c5 4. dxc5 Nc6 5. f4 Bf5 6. Nf3 e6 7. Be3 Nge7 8. c3 Bg4 9. Bb5 Nf5 10. Bf2 Qa5 11. a4 a6 12. b4 Qc7 13. Bxc6+ Qxc6 14. 0-0 Be7 15. h3 Bxf3 16. Qxf3 0-0 17. a5 Rfd8 18. Bd4 Qb5 19. Rd1 Rac8 20. Na3 Qc6 21. Nc2 Nh4 22. Qf2 h6 23. Rd3 Nf5 24. g4 Bh4 25. Qg2 Ne7 26. Rad1 Rf8 27. Ne3 f5 28. Rf1 Qb5 29. Rdd1 Qe8 30. Kh1 Qf7 31. Rf3 fxg4 32. hxg4 Bg5 33. Rdf1 Bh4 34. Qh3 Ng6 35. f5 Bg5 36. fxg6 Qxg6 37. Rxf8+ Rxf8 38. Rxf8+ Kxf8 39. Qf3+ Kg8 40. Kg2 Qd3 41. Nf1 Qc2+ 42. Qf2 Qe4+ 43. Kh3 Qh1+ 44. Nh2 Qc1 45. Kg2 Qd1 46. Nf3 Be7 47. Qe2 Qxe2+ 48. Kh3 Qxf3+ 0-1

[Event "Titled Tuesday intern op 19th Dec Early"]
[Site "Chess.com INT"]
[Date "2023.12.19"]
[Round "11"]
[White "Vincenti, Leonardo"]
[Black "Chitre, Arush"]
[Result "0-1"]
[WhiteElo "2039"]
[BlackElo "2258"]
[PlyCount "148"]
[EventDate "2023.12.19"]
[EventType "swiss (blitz)"]
[EventRounds "11"]
[EventCountry "USA"]
[SourceTitle "CB52_2023"]
[SourceDate "2023.12.27"]
[SourceVersion "1"]
[SourceVersionDate "2023.12.27"]
[SourceQuality "1"]

1. e4 h6 2. d4 e6 3. Nc3 d5 4. exd5 exd5 5. Bd3 Nf6 6. Nf3 c6 7. 0-0 Be7 8. h3 0-0 9. Bf4 c5 10. dxc5 Bxc5 11. Ne2 Nc6 12. c3 Re8 13. Ned4 Qb6 14. Qd2 Ne4 15. Qc2 Nxd4 16. cxd4 Bxd4 17. Qa4 Bxf2+ 18. Kh2 Be6 19. Bxe4 dxe4 20. Ne5 Bc5 21. Qxe4 Rad8 22. Nc4 Qb4 23. Rac1 b5 24. a3 Qa4 25. Nd2 Bc4 26. b3 Qxa3 27. Nxc4 Rxe4 28. Nxa3 Bxa3 29. Ra1 Rxf4 30. Rxf4 Bd6 31. g3 Bxf4 32. gxf4 Rd2+ 33. Kg3 Rd3+ 34. Kg4 Rxb3 35. Rxa7 b4 36. Rb7 Rb1 37. Kf5 b3 38. h4 b2 39. h5 Kh7 40. Rb6 Rh1 41. Rxb2 Rxh5+ 42. Kg4 Ra5 43. Rb7 f5+ 44. Kh4 Ra3 45. Rf7 Kg6 46. Rb7 Rf3 47. Rb6+ Kh7 48. Rb4 Rxf4+ 49. Rxf4 g5+ 50. Kg3 gxf4+ 51. Kxf4 Kg6 52. Kf3 Kg5 53. Kg3 f4+ 54. Kf3 Kf5 55. Kf2 Kg4 56. Kg2 f3+ 57. Kf2 Kf4 58. Kf1 Kg3 59. Kg1 f2+ 60. Kf1 h5 61. Ke2 Kg2 62. Ke3 f1Q 63. Ke4 Qf3+ 64. Ke5 h4 65. Kd6 h3 66. Kc7 h2 67. Kd6 h1Q 68. Kc7 Qe1 69. Kb6 Qfe2 70. Kc5 Q2d2 71. Kb5 Qb1+ 72. Kc4 Qbc1+ 73. Kb3 Qdb2+ 74. Ka4 Qca1# 0-1

[Event "Titled Tuesday intern op 19th Dec Early"]
[Site "Chess.com INT"]
[Date "2023.12.19"]
[Round "7"]
[White "Zimmermann, Ulrich"]
[Black "Chitre, Arush"]
[Result "0-1"]
[WhiteElo "2280"]
[BlackElo "2258"]
[PlyCount "118"]
[EventDate "2023.12.19"]
[EventType "swiss (blitz)"]
[EventRounds "11"]
[EventCountry "USA"]
[SourceTitle "CB52_2023"]
[SourceDate "2023.12.27"]
[SourceVersion "1"]
[SourceVersionDate "2023.12.27"]
[SourceQuality "1"]

1. Nf3 Nf6 2. g3 d5 3. Bg2 Bf5 4. 0-0 c6 5. d3 e6 6. Nbd2 h6 7. Qe1 Be7 8. e4 dxe4 9. dxe4 Bh7 10. Qe2 0-0 11. Ne5 Nbd7 12. Nd3 Qc7 13. a3 Rfd8 14. Re1 Nc5 15. Nxc5 Bxc5 16. Nb3 Be7 17. Bf4 e5 18. Bd2 c5 19. Bc3 b6 20. Nd2 Nd7 21. Nc4 a6 22. Bh3 Bf6 23. Rad1 Nf8 24. f3 Bg6 25. Ne3 Qc6 26. Nd5 Ne6 27. Nxf6+ gxf6 28. Qe3 Kh7 29. Bd2 Ng5 30. Bg2 Rd4 31. c3 Ra4 32. h4 Ne6 33. h5 Ng5 34. hxg6+ fxg6 35. Bc1 Nf7 36. Rd3 Ra7 37. Red1 Qe6 38. Kh2 f5 39. Bh3 Qf6 40. exf5 gxf5 41. f4 exf4 42. gxf4 Re4 43. Qf3 Rae7 44. Qh5 Re2+ 45. Kh1 Re1+ 46. Rxe1 Rxe1+ 47. Kg2 Rxc1 48. Bxf5+ Kg7 49. Rg3+ Kf8 50. Bg6 Qc6+ 51. Rf3 Rd1 52. Bxf7 Rd2+ 53. Kg3 Qf6 54. Bg6 Qg7 55. f5 Qe5+ 56. Rf4 Qe3+ 57. Qf3 Qg1+ 58. Kh4 Rh2+ 59. Qh3 Qg5# 0-1